Vista normal
Vista MARC
Entrada Nombre personal
Número de registros utilizados en: 2
001 - NÚMERO DE CONTROL
- campo de control: 63213
003 - IDENTIFICADOR DEL NÚMERO DE CONTROL
- campo de control: BNPHU
005 - FECHA Y HORA DE LA ÚLTIMA TRANSACCIÓN
- campo de control: 20250205100840.0
008 - DATOS DE LONGITUD FIJA
- campo de control de longitud fija: 200615|| aca||aabn | a|a d
010 ## - NÚMERO DE CONTROL DE LA BIBLIOTECA DEL CONGRESO
- Número de control de LC: no2017152024
040 ## - FUENTE DE LA CATALOGACIÓN
- Centro catalogador/agencia de origen: BNPHU
- Lengua de catalogación: spa
- Centro/agencia transcriptor: DO-SdBNP
- Normas de descripción: rda
046 ## - FECHAS CON CODIFICACIÓN ESPECIAL
- Fecha de nacimiento: 1933-
100 1# - ENCABEZAMIENTO-NOMBRE DE PERSONA
- Nombre de persona: Vásquez Rondón, Ruddy A.,
- Fechas asociadas al nombre: 1933-
370 ## - LUGAR ASOCIADO
- Lugar de nacimiento: Hato Mayor del Rey (República Dominicana)
- País asociado: República Dominicana
374 ## - OCUPACIÓN
- Ocupación: Profesor universitario
375 ## - GÉNERO/SEXO
- Género/Sexo: Masculino
377 ## - LENGUA/LENGUAJE ASOCIADO
- Código del idioma: spa
- Término de lengua/lenguaje: Español
670 ## - FUENTE DE DATOS ENCONTRADOS
- Cita de la fuente: Work cat.: (OSt)36348: Vásquez Rondón, Ruddy A., 1933-, Familia Rondón raíces y recuerdos. /, 2011.
670 ## - FUENTE DE DATOS ENCONTRADOS
- Identificador Uniforme del Recurso: https://authorities.loc.gov/cgi-bin/Pwebrecon.cgi?AuthRecID=10611403&v1=1&HC=1&SEQ=20250205092145&PID=H6M-0VyOsjJiSEwFkoDszp0_MguM Consultado en 05 de febrero, 2025
